| 000 | 00591nam a2200193Ia 4500 | ||
|---|---|---|---|
| 008 | 170705s9999 xx 000 0 und d | ||
| 020 | _a9780545496681 | ||
| 245 | _aBaby mammoth mummy frozen in time! : | ||
| 245 | _ba prehistoric animal's journey into the 21st century / | ||
| 245 | _cChristopher Sloan ; cooperated by Bernard Buigues ; photography by Francis Latreille. | ||
| 260 | _aNew York : | ||
| 260 | _bScholastic, | ||
| 260 | _c2011 | ||
| 300 | _a48 pages : | ||
| 300 | _bcolor illustration ; | ||
| 300 | _c28cm. | ||
| 440 | _aNational geographic kids. | ||
| 500 | _a1120 | ||
| 999 |
_c336868 _d336868 |
||